[Event "Koop Tjuchem"]
[Site "Groningen"]
[Date "1996.??.??"]
[Round "6"]
[White "Timman, Jan H"]
[Black "Hodgson, Julian M"]
[Result "0-1"]
[WhiteElo "2590"]
[BlackElo "2550"]
[Annotator "Gershon,A"]
[PlyCount "57"]
[EventDate "1996.12.20"]
[EventType "tourn"]
[EventRounds "11"]
[EventCountry "NED"]
[EventCategory "16"]
[SourceTitle "CBM 057"]
[Source "ChessBase"]
[SourceDate "1997.04.01"]
[SourceVersion "1"]
[SourceVersionDate "1997.04.01"]
[SourceQuality "1"]

1. e4 {Schulz,A Ftacnik Alterman,B} c5 2. Nf3 d6 3. d4 cxd4 4. Nxd4 Nf6 5. Nc3
g6 6. Be3 Bg7 7. f3 O-O 8. Qd2 Nc6 9. O-O-O d5 10. Qe1 e5 (10... Re8 $5 {
Schulz,A 1/2-1/2 Jansa,V-Watson,W/Prague Chip 1992 (40)}) 11. Nxc6 bxc6 12.
exd5 cxd5 {Schulz: Gegenüber 12...Sxd5 seltener gespielt.} (12... Nxd5 {
Alterman,B} 13. Bc4 Be6 $14 (13... Be6 {Schulz,A} 14. Ne4)) 13. Bg5 Be6 14. Bc4
(14. Qh4 {Ftacnik} h6 15. Bxh6 $4 Nh7 {0-1 Klein,J-Stock,A/St.Ingbert op (04)})
14... Qc7 (14... Qb6 $6 15. Bxf6 Bxf6 16. Nxd5 (16. Bxd5 Rab8 17. Bb3 Bxb3 (
17... a5 18. Na4 Qb5 19. Qe4 Rfc8 20. Kb1 Bg7 21. Rd6 Bf5 22. Qd5 Qe2 (22...
Qxd5 23. Rxd5 Rxb3 24. axb3 Rxc2 25. Ka2 Rxg2 26. Rxa5 $16) 23. Qd2 Qb5 24. g4
Be6 25. Rxe6 fxe6 26. Bxe6+ Kh8 27. Bxc8 $16 {Sziebert,A-Held,M/Budapest FS03
IM-B/1995/1-0 (40)}) 18. cxb3 Rfc8 19. Kb1 Bg7 20. Ne4 a5 21. Rc1 a4 22. Rxc8+
Rxc8 23. bxa4 f5 24. Nd2 Qd4 25. Nb3 Qxa4 26. Qa5 Qc4 27. Qd2 Ra8 28. Rd1 $16 {
Krejci,J-Slepankova,R/Horni Becva op/1993/0-1 (53)}) 16... Bxd5 17. Rxd5 e4 18.
Rb5 Qc7 19. Qxe4 Rae8 (19... Rfe8 20. Rb7 Rxe4 21. Rxc7 Re7 22. Rxe7 Bxe7 23.
Rd1 $18 {Blazkova,P-Slepankova,R/Moravia-chW op/1994/1-0 (38)}) 20. Qg4 Rb8 21.
Qg3 Bg5+ 22. Qxg5 Qxc4 23. Rxb8 Rxb8 24. b3 $18 {De la Villa Garcia,J-Gallego,
V/ESP-ch Lleida/1991 (26)} (24. b3 {Ftacnik} Qc3 25. Kb1 a5 26. Rd1 Kg7 {
1-0 De la Villa Garcia,J-Gallego,V/ESP-ch Lleida (04)/1991})) (14... Rb8 {
Ftacnik} 15. Bxd5 Qb6 16. Bb3 Rfc8 17. Kb1 a5 18. Bc1 Rc6 19. g4 Rbc8 20. g5
Nh5 21. Nd5 Bxd5 22. Rxd5 Nf4 {1/2-1/2 Ye Jiangchuan-Carless,D/Asia zt/1990 
(32)}) 15. Bxf6 dxc4 (15... Bxf6 $2 {Schulz,A} 16. Bxd5 $16) 16. Bxg7 (16. Nd5
Bxd5 17. Bxg7 Kxg7 18. Rxd5 Rfe8 19. Qc3 Rad8 20. Rhd1 Rxd5 21. Rxd5 Kg8 22. b3
e4 23. Qxc4 Qxh2 $10 {1/2-1/2 Mortensen,E-Nielsen,PH /DEN-ch plof /1991 (41)})
16... Kxg7 {Schulz: Nach einigermaßem forcierten Verlauf ist diese Stellung
entstanden. Die Frage ist, ob Weiß hier Kapital aus den schwarzfeldrigen
Schwächen im schwarzen Lager schlagen kann oder ob das schwarze Gegenspiel auf
der b-Linie schwerer wiegt.} 17. Qe3 (17. Nd5 $5 Bxd5 18. Rxd5 Rfe8 19. Qc3 Kg8
(19... Rad8 {Ftacnik} 20. Rhd1 Rxd5 21. Rxd5 Kg8 22. b3 e4 23. Qxc4 Qxh2 24.
Rd7 Qf4+ {1/2-1/2 Mortensen,E-Nielsen,PH (04)/DEN-ch plof/1991 (41)}) 20. Re1
e4 21. fxe4 Qxh2 22. Qf3 Re7 23. g3 Qh6+ 24. Qe3 Qxe3+ 25. Rxe3 Rae8 26. Rd4 c3
27. Rxc3 Rxe4 28. Rxe4 Rxe4 29. Kd2 $16 {Gershon: White has very good winning
chances becouse: A. his king is much more active than black's B. he already
has an advanced pawn and very quickly he creates another one when black when
black falls far behind in advancing his.} h5 30. Ra3 Rd4+ 31. Ke3 Rb4 32. b3
Rb7 33. c4 Re7+ 34. Kf4 Kg7 35. c5 f6 36. b4 g5+ 37. Kf3 g4+ 38. Kf4 Kg6 39. b5
{Jaracz,P-Wikner,A/Hallsberg op 1991/1-0 (54)}) (17. Ne4 $5 f5 (17... f6 $5 {
Schulz,A}) 18. Nd6 Qc5 19. Qc3 Kg8 20. Rhe1 e4 21. fxe4 f4 22. e5 Qf2 23. Qf3
Qc5 24. Rd2 Qa5 25. a3 Rab8 26. c3 $142 $16 (26. Qc3 $6 Qxc3 27. bxc3 f3 28.
Rf1 fxg2 29. Rxf8+ Rxf8 30. Rxg2 Rf1+ 31. Kd2 Kf8 $14 {1/2-1/2 Velcheva,
M-Gaponenko,I/WchJW-U20 Halle/1995 (38)})) (17. h4 {Alterman,B}) 17... Rab8 (
17... f6 $10 {Alterman,B}) 18. Ne4 $6 $146 {Gershon: A little too slow! Unlike
Liss (who played here 18.Rhe1- see a variation) Timman lets black start his
attack without being concerned about his king.} (18. Rhe1 $142 {Gershon: As
we'll see later, the real gain of Rhe1 is not a tempi (which is also very
important, of course), but the weakening of black's king.} f6 (18... Qb7 19.
Qxe5+ f6 20. Qxe6 Qxb2+ 21. Kd2 Rbd8+ 22. Ke2 (22. Nd5 Rfe8 23. Qxe8 c3+ $1 24.
Kd3 Rxe8 25. Rxe8 Qb5+ 26. Kxc3 Qxe8 $15) 22... Rde8 (22... Qxc2+ 23. Kf1 Rxd1
24. Nxd1 $18) 23. Rd7+ Kh8 24. Re7 $18) 19. Ne4 Rb6 20. Re2 (20. Nc5 {Alterman,
B} Rf7 $6 (20... Rfb8 21. Re2 { <<ed2}) (20... Rc8 $5) (20... Rc8 $5 {Ftacnik}
) 21. g4 Re7 22. g5 Bg8 (22... fxg5 23. Qxe5+ Qxe5 24. Rxe5 Kf6 25. Rde1 $18)
23. f4 fxg5 24. fxg5 $16 {1-0 Kuporosov,V-Kovacevic,A/Vrnjacka Banja op 1992 
(39)} (24. fxe5 Rc6)) 20... Bf5 21. Nc3 Qb8 22. g4 Bc8 23. Red2 Rf7 (23... Rxb2
$2 24. Rd8 Rb7 25. Rxf8 (25. Qc5 $2 Rc7) 25... Kxf8 26. Qc5+ Ke8 (26... Kf7 27.
Rd8 $18) 27. Qc6+ Bd7 28. Qxf6 $18) 24. Rd8 Rc6 25. Ne4 Qb4 26. R1d6 Rxd6 27.
Nxd6 Rd7 28. Ne8+ Kf7 29. Rxc8 Qb7 30. Qc5 {1-0 Liss,E-Ovsejevitsch,S/EU-chJM
U20 Holon (07) ;EXT 95ch2 1995}) (18. h4 {Alterman,B} f6 19. h5 Qb7 20. Na4 g5
21. Qa3 $15) 18... Rb6 {Schulz: Verteidigt d6 und droht schlicht Rfb8. Was nun?
} 19. Qc5 $2 {Gershon: White wastes a lot of time, and eventually brings his
queen to a3, when it stands not better than on e3. Meanwhile, black improves
his pieces's positions, ready to strike.} (19. Rd2 Rfb8 20. c3 Ra6 21. Qc5 (21.
a3 Rxa3 $1 22. bxa3 Qb7 $19) 21... Rc6 (21... Qxc5 22. Nxc5 Rxa2 23. Kb1 Ra3
24. Nxe6+ fxe6 25. Rd7+ Kf6 26. Kc2 Rab3 27. Rb1 R8b7 28. Rxb7 Rxb7 29. Ra1 Kf5
30. Ra4 Rc7 31. b3 cxb3+ 32. Kxb3 $10) 22. Qe3 Qa5 23. Ng5 Rb5 24. a3 Rcb6 25.
Nxe6+ (25. h4 $140 $2 Qxa3 26. Nxe6+ fxe6 27. Rd7+ Kg8 28. Rd8+ Kf7 29. Rd7+
Ke8 30. Rd8+ Kxd8 31. Qxb6+ axb6 32. bxa3 Rb3 $19) 25... Rxe6 26. h4 Reb6 27.
h5 Qxa3 28. h6+ Kf8 29. Rd8+ Ke7 $17 30. Rd7+ Kxd7 31. Rd1+ Qd6) (19. Rhe1 $142
$1 {Gershon: Probably the last chace!} Rfb8 20. Nc3 $1 (20. Qc3 Rxb2 21. Qxb2
Rxb2 22. Kxb2 f5 23. Nc3 Qb6+ 24. Kc1 Qa5 $17) 20... Rxb2 (20... f6 21. f4 Rxb2
22. fxe5 $132) 21. Qxe5+ Qxe5 22. Rxe5 Bf5 23. Re2 {[%cal Gg2g4]} h5 24. Rd4
Be6 25. a4 $14) (19. c3 $142 {Schulz,A}) 19... Rc6 {Alterman,B: White plays a
new, but strange plan, after black's last strong move he grabs the initiative
in the centre and on the qeenside, thanks to strong bishop e6 and the open
b-file.} (19... Qxc5 {Alterman,B} 20. Nxc5 Kf6 $14 (20... Kf6 {Ftacnik} 21.
Rhe1 $14)) 20. Qa3 {Schulz: Die weißen Damenmannöver machen keinen guten
Eindruck.} Rb8 (20... f5 $6 {Alterman,B} 21. Ng5 $13) 21. Rd6 $6 (21. Qc3 $5 f6
$142 (21... Rcb6 $140 22. Rd6 $1 Rxb2 23. Qxe5+ Kg8 24. Nf6+ Kf8 25. Nxh7+ Kg8
26. Nf6+ $10) 22. f4 Rcb6 23. fxe5 Qxe5 $17 {[%csl Gb2]}) (21. Rd2 {Ftacnik} f5
22. Nc3 Qb7 $36) 21... Rxd6 22. Nxd6 (22. Qxd6 $8 {Alterman,B} Qxd6 23. Nxd6 f5
(23... c3 {Ftacnik} 24. b3 f5 $13) 24. Rd1 Kf6 $15) (22. Qxd6 $142 {Schulz,A})
22... c3 $1 {Gershon: Now white's position collapses!} 23. b3 (23. bxc3 Bxa2 $1
(23... Qb6 24. Re1 (24. Z0 Qe3+ $140 25. Kd1 Rb1+ 26. Qc1 Rxc1#) 24... f6 {
[%cal Gb6b1,Gb1a2]} (24... Rd8 25. Ne4) (24... Qf2 25. Rd1 Qe3+ 26. Rd2 Qg1+
27. Rd1 Qxh2 $17) 25. c4 Qd4 {[%cal Gd4f4]} 26. g3 Rd8 (26... Qa1+ 27. Kd2 Qd4+
$10) 27. Rd1 $10) 24. Qxa2 Qxd6 25. Qxa7 (25. Z0 {Schulz,A} e4 $140 $19) 25...
Rb6 $3 $19 {[%cal Ge5e4,Gb6a6]} (25... Rd8 $15 {Ftacnik}) 26. Qa2 (26. Rd1 Qc5
$19) 26... e4 27. g3 Qc5 28. Re1 exf3 $19) 23... Rd8 {Ftacnik: The c3 pawn
makes the life dangerous for white, he must trade carefully not to fall in
trouble. Ftacnik: Der Pc3 sorgt für Gefahr, Weiß muß genau vorgehen, um
Probleme zu vermeiden.} 24. Ne4 (24. Rd1 Qb6 (24... a5 $13 {Ftacnik}) 25. Kb1
Qf2 (25... e4 26. fxe4 Bg4 27. Rd5 $14) 26. Qa5 Qe2 $19) 24... Bf5 25. Qb4 (25.
Ng3 $8 {Alterman,B} Rd2 26. Nxf5+ gxf5 27. Qb4 Rxg2 $17) (25. Rd1 $2 {Ftacnik}
Rxd1+ 26. Kxd1 Bxe4 27. fxe4 Qd7+ 28. Ke2 Qd2+ $19) (25. Qc5 {Schulz,A} Qxc5
26. Nxc5 Rd2 $19) 25... Bxe4 26. fxe4 (26. Qxe4 $4 {Alterman,B} Qd6 $19 (26...
Qd6 $1 {Ftacnik} 27. Qd3 Qa3+ $19)) 26... Rd4 27. Qa3 (27. Qb5 {Alterman,B}
Rxe4 28. Rd1 Rd4 $19 (28... Qe7 {Ftacnik} 29. Qa6 Qg5+ 30. Kb1 Qxg2 $19)) 27...
Rxe4 28. Qa6 (28. Rd1 {Alterman,B} Re2 $19) 28... Qd8 {Schulz: Während die
weiße Dame hyperaktiv, aber ohne Wirkung die falsche Bretthälfte durchmißt,
sind die Bewegungen der schwarzen Heerführerin minimalistisch, aber effektiv:
Der zweite schwarze Damenzug entscheidet endgültig die Partie.} 29. Kb1 (29.
Kb1 Qd2 (29... Rd4 $19 {Schulz,A}) 30. Qf1 Re2 31. Qc1 (31. Qd1 {Ftacnik} Rxg2
$19) 31... Rxg2 $19) (29. Rd1 {Ftacnik} Re1 $1 30. Qd3 Qg5+ 31. Kb1 Qd2 $1 $19)
0-1

[Event "RUS-Cup3"]
[Site "Omsk"]
[Date "1996.??.??"]
[Round "1"]
[White "Korneev, Oleg"]
[Black "Aronian, Levon"]
[Result "1-0"]
[WhiteElo "2565"]
[BlackElo "2390"]
[Annotator "Gershon,A"]
[PlyCount "111"]
[EventDate "1996.12.13"]
[EventType "swiss"]
[EventRounds "9"]
[EventCountry "RUS"]
[SourceTitle "CBM 057"]
[Source "ChessBase"]
[SourceDate "1997.04.01"]
[SourceVersion "1"]
[SourceVersionDate "1997.04.01"]
[SourceQuality "1"]

1. e4 {Schulz,A} c5 2. Nf3 d6 3. d4 cxd4 4. Nxd4 Nf6 5. Nc3 g6 6. Be3 Bg7 7. f3
Nc6 8. Qd2 O-O 9. O-O-O d5 10. exd5 Nxd5 11. Nxc6 bxc6 12. Bd4 Bxd4 {Schulz:
Diese Variante galt früher als minderwertig, aber Ian Rogers konnte damit 1992
einen Überraschungssieg landen und danach tauchte sie hin und wieder einmal
auf.} 13. Qxd4 Qb6 (13... Be6 $6 14. Ne4 Qa5 15. a3 Rab8 16. Qc5 Qb6 17. Qxb6
Rxb6 18. Nc5 Rfb8 19. Na4 R6b7 20. Ba6 Rc7 21. Nc5 Rb6 22. Rhe1 Bc8 23. Bxc8
Rxc8 24. c4 $16 {Raach,V-Gutheil,M/RL-op Trier ;GER 1991 (1:0)}) (13... Qc7 $6
14. Bc4 Nb6 15. Be2 c5 16. Nb5 Qc6 17. Qe5 Ba6 18. Nc3 Bxe2 19. Qxe2 Rab8 20.
Qxe7 Nc4 21. b3 Rfe8 22. Nd5 Kg7 23. Qc7 Qxc7 24. Nxc7 Rec8 25. Nd5 Ne5 26.
Rhe1 $16 {Brodsky,M-Hodgson,J/Isle of Man op/1996 (1-0)}) 14. Na4 (14. Nxd5 $6
cxd5 15. Qxb6 (15. Qxd5 $2 {Allows black to develope a very strong innitiative!
} Be6 16. Qb5 $146 (16. Qd4 Qa5 17. a3 Rfd8 18. Qb4 Qg5+ 19. Rd2 a5 20. Qc3
Rac8 21. h4 Qf4 22. Kd1 Bd5 23. Qxa5 Bxf3+ 24. Kc1 Be4 25. c4 Bxg2 26. Bxg2
Rxc4+ 27. Kd1 Rxd2+ {0-1 Gurevich,I-Rogers,I/London Lloyds ;EXP 31 1992}) 16...
Qc7 17. Qa4 Rab8 18. Ba6 Rb6 19. Kb1 Rfb8 20. b3 Qc3 21. Rd3 Qc6 $1 $19 22. Qf4
(22. Qxc6 $4 Rxc6 $19 {[%csl Ga6]}) 22... Re8 $142 $19 {[%csl Ga6]} (22... Rb4
23. Rd4 Bxb3 24. axb3 Rxb3+ 25. Kc1 Qc3 26. Kd1 Qa1+ 27. Kd2 Qa5+ 28. Ke2 Qxa6+
29. Kf2 Rb2 $17 {1/2-1/2 Xie Jun-Lalic,B/Hastings/1997 (37)})) 15... axb6 16.
a3 Rd8 17. c3 Bb7 18. Bd3 Bc6 19. Rhe1 Re8 20. Re5 e6 21. Bc2 f6 22. Ree1 Kf7
$13 {Stabolewski,A-Werner,C/Badenweiler op 1994/0-1 (54)}) (14. Bc4 Ne3 15. Rd2
Nxc4 16. Qxc4 Be6 17. Qf4 Rab8 18. b3 Qa5 19. Kb2 Rb4 20. Qe3 Rfb8 21. h4 Qc7
22. Ne2 $14 {Sutovskij,E-Kudrin,S/Philadelphia World op/1993 (30)/1-0}) (14.
Qxb6 {Schulz,A} axb6 15. Nxd5 cxd5 $11) 14... Qa5 15. b3 Be6 (15... Bf5 16. Qc5
(16. g4 $5 {Schulz,A} Nb4 17. Qc5 $1 (17. gxf5 Nxa2+ 18. Kb1 Rad8) 17... Qxc5
18. Nxc5 $16 Bxc2 $140 $2 19. Rd4) 16... Qxc5 17. Nxc5 Nc3 18. Re1 Nxa2+ 19.
Kb2 Nb4 20. Rxe7 Rfe8 (20... Bxc2 21. Bc4 {[%cal Gc5d7]} (21. Rb7 a5 22. Rxb4
axb4 23. Kxc2 Ra1 24. Nd3 Re8 25. Kb2 Rd1 $13 {Once white gets his pieces out
he'll probably win this game,but right now that moment seems pretty far away.})
21... Bf5 22. g4 Bc8 23. Rd1 $14 {White has at least enough compensation for
the pawn (which, by the way, he is going to win back in few moves.)}) 21. Rxe8+
Rxe8 22. c3 Nd5 23. Ba6 Re3 24. Rc1 Nf4 25. g3 Ne2 26. Re1 Nxc3 27. Rxe3 Nd1+
28. Ka2 Nxe3 29. Bb7 $10 {With an equality - Korneev,O-Summerscale,A
Groningen1995/EXP 50}) 16. Qd2 (16. Qc5 {Schulz,A} Qc7 17. Z0 Rab8 $140 $132)
16... Qc7 (16... Qxd2+ 17. Rxd2 $16 {[%csl Gc6][%cal Ga4c5] White's position
is better due to the weaknesses on the queen's side.}) 17. Nc5 Qd6 18. Nxe6
Qxe6 19. Bc4 Rfd8 (19... Qf6 $5 {Schulz,A} 20. Qd4 (20. Kb1 $2 Nc3+) 20... Rfd8
21. Qxf6 Nxf6 $11) 20. Bxd5 (20. Rhe1 Qf6 21. Qd4 Qg5+ 22. Qd2 Qf6 $10) 20...
cxd5 (20... Rxd5 21. Qc3 Rad8 22. Rxd5 cxd5 23. Re1 $10) 21. h4 {Tries to
complicate the position,although it is not easy with so little matirial left
on the board.} Qf6 {Schulz: Die Eröffnung war in Ordnung, aber Schwarz
vergeigt später das Turmendspiel.} 22. Kb1 e6 (22... h5 $5 {Schulz,A}) 23. h5
g5 24. h6 {[%cal Gh1h5]} Kh8 $6 (24... Qg6 $142 {Although it's temping to keep
the queen on the long diagonal we  think that Qg6 is better than the text
because the text move takes the king out of the game (and, as we'll see, it
will be a major factor in the endgame.)}) 25. Qd4 $1 {Korneev, after his
opponent put his king away from the center offers to exchange queens and try
to exploit the weakness of black's king in the endgame.} Qxd4 (25... e5 $142
26. Qc5 d4 27. Rhe1 Re8 28. Re4 Rac8 29. Qxa7 Re7 30. Qa5 Qc6 31. Re2 (31. Rd2
$4 Ra8 32. Qb4 Rb7 $19) 31... f6 {With a compensatin for the sacrifised pawn.})
26. Rxd4 e5 $2 (26... f6 $142 {[%cal Gh8g8,Gg8f7,Gf7g6] Black has to get his
king involved.}) 27. Rb4 Rd6 (27... Rd7 {Schulz,A}) 28. Rb7 f6 29. Rc1 {
Willing to create a pair of passed pawns.} d4 30. c4 f5 (30... dxc3 31. Rxc3 f5
32. Rxa7 $16 {Exploiting the fact that black's king is on h8.}) 31. Re7 e4 32.
fxe4 fxe4 33. Rxe4 d3 34. c5 Rxh6 35. Rd4 {Now the game is lost.The
continuation is just a matter of technique.} Rc6 (35... Rh2 36. c6 $18) 36.
Rxd3 a5 37. Kb2 Kg7 38. a3 Rb8 39. Rc4 h5 40. b4 axb4 41. axb4 Kf6 42. Kc3 h4
43. Rcd4 Kf5 44. Kc4 g4 45. b5 Rh6 46. Rd5+ Kf4 47. R3d4+ Kg3 48. Rg5 Kxg2 49.
Rgxg4+ Kh3 50. b6 Re8 51. b7 Rb8 52. Rxh4+ {The simplest.} Rxh4 53. Rxh4+ Kxh4
54. c6 Kg5 55. Kc5 {Korneev doesn't want to test himself in a
queen-against-rook ending when he can get a two queens-against-rook ending,
which is simplier.} Kf6 56. Kb6 1-0

[Event "Hoogovens-B"]
[Site "Wijk aan Zee"]
[Date "1997.01.27"]
[Round "6"]
[White "Nijboer, Friso"]
[Black "David, Alberto"]
[Result "1-0"]
[WhiteElo "2555"]
[BlackElo "2455"]
[Annotator "Gershon,A"]
[PlyCount "81"]
[EventDate "1997.01.21"]
[EventType "tourn"]
[EventRounds "11"]
[EventCountry "NED"]
[EventCategory "10"]
[SourceTitle "CBM 057"]
[Source "ChessBase"]
[SourceDate "1997.04.01"]
[SourceVersion "1"]
[SourceVersionDate "1997.04.01"]
[SourceQuality "1"]

1. e4 c5 2. Nf3 d6 3. d4 cxd4 4. Nxd4 Nf6 5. Nc3 g6 6. Be3 Bg7 7. f3 O-O 8. Qd2
Nc6 9. O-O-O d5 10. exd5 Nxd5 11. Nxc6 bxc6 12. Bd4 e5 13. Bc5 Be6 14. Ne4 Rb8
$5 15. Ba3 $5 $146 {Although in the Dragon variation everything is "known",
sometimes happens something new! Let's ask two opposite side of Dragon about
this move. Dragon lovers will say: this idea is not good because: 1.The tempo
is too importent. 2.The bishop stoped to control b6 and defense on b2 doesn't
compensate this. 3.The tempo is too importent and in Dragon it is enough!! 
The opposite side will say:the idea is very good because: 1.Defense on b2 is
very important. 2.The bishop makes free the c5 for knight or the pawn[!].  In
my opinion they both are wright! The idea is interesting, but I don't think
white gets here more than in other variations.} (15. g4) (15. c4) (15. Bxf8 $6)
(15. Bc4 $5) 15... Qb6 $5 16. c4 $1 (16. Bc4 $6 Rfd8 $1 17. Qg5 (17. Qe1 Bf8 $1
18. Bxd5 Bxa3 19. Bb3 Rxd1+ 20. Qxd1 Be7 $1 $17) 17... h6 $1 18. Qh4 (18. Qg3
Nf4 $1) 18... Bf8 19. Bb3 (19. Bxd5 cxd5 $1 20. Nf6+ Kg7 $19) 19... g5 20. Qg3
Bxa3 21. bxa3 Nf4 22. Kb1 c5 23. Rxd8+ Rxd8 24. h4 c4 25. hxg5 cxb3 26. gxh6+
Ng6 27. h7+ Kh8 28. axb3 Bxb3 $19) (16. h4 $2 Rfd8 $1 17. Bd3 Bf8 $19) 16...
Rfc8 (16... Nb4 17. Bxb4 (17. Kb1 Rfd8 18. Qe1 Rxd1+ 19. Qxd1 Rd8 20. Qa4 a5
$40) 17... Qxb4 18. Qxb4 Rxb4 $13) 17. Nd6 (17. cxd5 $2 cxd5+ 18. Kb1 dxe4 19.
fxe4 Rd8 20. Qc2 Rxd1+ 21. Qxd1 Qa5 22. Ka1 Bf8 $19) (17. Kb1 Ne3 18. Rc1 Rd8
19. Qf2 Nxf1 20. Qxb6 (20. Rhxf1 Qa6 21. Qh4 Rd4 22. Qe7 Bxc4) 20... axb6 21.
Rhxf1 Bh6 22. Rc2 f5 23. Nd6 c5 24. Nb5 Rd3 25. b3 Rbd8 $36) 17... Rd8 18. c5
$1 (18. cxd5 cxd5 19. Nb5 (19. Kb1 Rxd6 20. Bxd6 Qxd6 $40) 19... d4 $1 20. Kb1
a6 21. Bd6 axb5 $1 22. Bxb8 Rxb8 23. Bd3 Ra8 24. b3 (24. a3 b4 $40) 24... Qa6
25. Qc2 (25. Be4 Bxb3 26. Bxa8 Bxd1 27. Bd5 Ba4 28. Rc1 Qd6 29. Rc8+ Bf8 30.
Be4 f5 $17) 25... Rc8 26. Qe2 Rc3 27. Bxb5 Qb6 $40) 18... Qc7 19. h4 $4 {
Suddenly white makes big mistake and gets a loosing position.After Bc4!
white's position looks very alluring.} (19. Bc4 $1 Nf4 (19... e4 $2 20. fxe4
Nc3 $2 21. Bxe6 Nxd1 (21... Nxe4 22. Qf4 $18) 22. Bb3 $1 Bxb2+ 23. Bxb2 Nxb2
24. Qxb2 $18) 20. Bxe6 Nxe6 21. h4 $36) 19... e4 $1 20. fxe4 Nc3 $1 21. bxc3
Qa5 22. Bb4 (22. Bb2 Qxc5 (22... Qxa2 $13) 23. h5 Be5 24. hxg6 hxg6 $17) 22...
Rxb4 $1 23. cxb4 Qa3+ 24. Kb1 Bc3 25. Qc2 (25. Qf2 Qxb4+ 26. Kc1 Qa3+ 27. Kb1
Rb8+ 28. Bb5 (28. Nb5 cxb5 29. h5 b4 30. hxg6 b3 $1 $19) 28... cxb5 29. Rhf1 b4
$19) 25... Qxb4+ 26. Kc1 Qa3+ 27. Kb1 Rb8+ $1 28. Bb5 $1 (28. Nb5 cxb5 29. Rd3
b4 30. h5 b3 $19) 28... cxb5 29. c6 $1 {The only white's contrchance.} Qb4+ 30.
Kc1 Qa3+ 31. Kb1 Qc5 $6 {Understandable mistake that doesn't spoiling
everything,but opens possibilities for new mistakes!!} (31... Qb4+ $1 32. Kc1
Be5 $1 33. c7 Rf8 34. Qd2 (34. c8=Q Bf4+ 35. Rd2 Bxc8 36. Nxc8 Bxd2+ 37. Qxd2
Rxc8+ 38. Kd1 Qb1+ $19) 34... Qa3+ 35. Kb1 Bxa2+ 36. Qxa2 Qb4+ 37. Kc1 Bf4+ 38.
Kc2 Bxd6 39. Qd5 (39. e5 Qe4+ 40. Kc1 Bxe5 $19) (39. Rd3 Rc8 $19) 39... Bxc7
$17) 32. Rd3 $6 {White misses  easy draw and black gets new chances.} (32. c7
$1 Rf8 33. c8=Q Qb4+ 34. Kc1 Qa3+ $11) 32... b4 $4 {By one move black miss not
only chances but the draw too!} (32... Qb4+ 33. Kc1 Be5 $5 (33... Qa3+ 34. Kb1
(34. Kd1 $2 Bg4+ 35. Rf3 Bxf3+ 36. gxf3 Qxd6+ 37. Kc1 Rc8 $19) 34... Qb4+ $11)
34. Rhd1 (34. c7 Bf4+ 35. Rd2 Rf8 36. e5 Qd4 $1 $19) 34... Bf4+ 35. R1d2 Bxd2+
36. Rxd2 Rd8 37. e5 (37. c7 Rxd6 38. c8=Q+ Bxc8 39. Qxc8+ Kg7 $19) 37... Qa3+
38. Kb1 (38. Kd1 Bg4+ 39. Ke1 Qg3+ 40. Kf1 Qf4+ 41. Kg1 Qxe5 42. c7 Rxd6 43.
c8=Q+ Bxc8 44. Qxc8+ Kg7 $19) (38. Qb2 Qc5+ 39. Qc2 Qxe5 $19) 38... Rxd6 39.
exd6 Bf5 40. Qxf5 gxf5 41. d7 Qb4+ 42. Kc2 Qe4+ 43. Kd1 $11) 33. Nb7 (33. h5 b3
) 33... Qb6 (33... Qxc6 $5 34. Rd8+ Rxd8 35. Nxd8 Qe8 (35... Qc8 36. Nxe6 Qxe6
37. h5 $13) 36. Nxe6 Qxe6) 34. Rhd1 Bf6 $2 {The last mistake that finish the
game.} (34... Qxc6 $8 35. Rd8+ Rxd8 36. Nxd8 Qc4 37. Nxe6 Qxe6 38. g3 $14) 35.
c7 Rxb7 36. c8=Q+ Bxc8 37. Qxc8+ Kg7 38. h5 $18 Qc7 $2 {He had to guard the
back rank.} (38... Rc7 39. h6+ Kxh6 40. Rh1+ Kg5 (40... Kg7 41. Rxh7+ Kxh7 42.
Rh3+ $18) 41. Rg3+ Kf4 42. Qg4+ Ke5 43. Rd3 $1 $18) (38... Rb8 $142) 39. h6+
Kxh6 40. Rh1+ (40. Rh3+ {is also winning.}) 40... Kg7 $2 {Allows mate in four
moves. But Black was lost anyway!} (40... Kg5 41. Qh3 (41. Rd5+ Kf4 42. Rf5+)
41... h5 42. Qe3+ (42. Qh4+ Kh6 43. Qxf6) 42... Kg4 43. Qf3+ Kg5 44. Rxh5+ gxh5
45. Qf5+ Kh6 46. Qxf6+ Kh7 47. Rd5 Qh2 48. Rg5 $18) 41. Rxh7+ (41. Rxh7+ $1 {
Black resigned. The end would be:} Kxh7 42. Rh3+ Bh4 43. Rxh4+ Kg7 44. Qh8#)
1-0